000
00247nam a2200097Ia 4500
001
687090
005
20250826161549.0
008
250824s9999 xx 000 0 und d
245
0
_a
ALPEREN OYUNUN SONU
_c
İSMAİL BİLGİN
260
_b
TİMAŞ YAYINLARI
999
_c
687090
_d
687090